00818nam a22002057a 450000500170000001000150001702000270003203500140005903700090007308200130008210000320009524500570012725000060018426000360019027001660022630000190039294200240041199900190043595201580045420260324105711.0 aENG-148140 a9789390107957c2500.00 aEN-131672 bDBAD a625.721 aVerghese, Elizabeth 988759 aIntelligent Highway Engineering/cElizabeth Verghese a1 aChennaibCoral Publishersc2025 aCoral Estate No.1-A, Morai Sarath Kandigai Main Road, Morai Pulikuthi Village, Nagoor Andavar Nagar, AvadibChennaie600055mcoralbooks2016@gmail.comk9043050666 a294pc24cm(pb) 2ddccENh625.7mVER c215758d215758 001040708NFICaZLSbZLSd2026-03-24eDelivery of Books Act Divisiong2500.00l0o625.7 VERpEN-131672r2026-03-24 00:00:00t1v2500.00w2026-03-24yEN